|
|
|
|
| LEADER |
00000nab a2200000ua 4500 |
| 001 |
vtls010817163 |
| 003 |
SK-MaSNL |
| 005 |
20260303134815.0 |
| 008 |
230218s2012 xo |||||||||||||||||cze| |
| 035 |
|
|
|a (urnnbn)urn:nbn:sk:snk:ar-a05l4v
|
| 035 |
|
|
|a urn:nbn:sk:snk-ab5lde
|
| 035 |
|
|
|a (uuid)d7a32208-30a8-44f8-a2f2-830f0052bf6c
|
| 040 |
|
|
|a SNKBUCL
|b slo
|c SNKBUCL
|e AACR2
|
| 041 |
0 |
|
|a cze
|
| 044 |
|
|
|a xo
|c SK
|
| 100 |
1 |
|
|a Martínek, Jan
|4 aut
|9 397866
|
| 245 |
1 |
0 |
|a BARRETTŮV JÍCEN - KLASIFIKACE
|c Jan Martínek, Magdalena Stefanová
|
| 700 |
1 |
|
|a Stefanová, Magdalena
|4 aut
|9 1155651
|
| 773 |
0 |
|
|t Gastroenterológia pre prax
|g Roč. 11, č. 2 (2012), s. 61-63
|
| 954 |
|
|
|a odborná, vedecká literatúra cudzojazyčná (svetová)
|2 lita
|
| 958 |
|
|
|a OND
|
| 958 |
|
|
|a EUIPO
|
| 958 |
|
|
|a article5
|
| 999 |
|
|
|c 1961908
|d 1963838
|